Tilastot visalle Vähiten valosaastuneet valtiot

Klikkaa tästä pelataksesi tätä visaa!

Yleistilastot

  • Tätä visaa on pelattu 484 kertaa
  • Keskiarvotulos 11 / 21

Vastaustilastot

ValoisuusValtio% Oikein
0,041Kongon demokraattinen tasavalta
76%
0,014Niger
71%
0,038Sudan
69%
0,023Tšad
67%
0,024Mali
64%
0,020Mongolia
64%
0,026Namibia
61%
0,028Somalia
61%
0,038Etiopia
60%
0,018Mauritania
58%
0,042Tansania
55%
0,042Madagaskar
53%
0,009Eritrea
50%
0,032Botswana
46%
0,033Pohjois-Korea
45%
0,028Afganistan
31%
0,038Liberia
29%
0,036Guinea-Bissau
25%
0,038Kiribati
25%
0,030Salomonsaaret
21%
0,034Guyana
19%

Tulosjakauma

Persentiili vastausten määrän mukaan

Jokaisen tuloksen saaneiden osuus

Tuloshistoriasi

Et ole pelannut tätä visaa